Mycenae, a guide to its ruins and its history /

Bibliographic Details
Main Author: Mylonas, George E. (George Emmanuel), 1898-1988
Format: Book
Language:English
Edition:6th ed.
Subjects:

MARC

Tag First Indicator Second Indicator Subfields
LEADER 00000cam a2200000 a 4500
001 in00000986713
005 20150927153808.0
008 881121s1977 gr aef b 000 0 eng d
035 |a (OCoLC)18788427 
035 |9 AEY0435AM 
040 |a MUU  |c MUU  |d UtOrBLW 
049 |a TXAM 
090 |a DF221.M9  |b M927 1977 
100 1 |a Mylonas, George E.  |q (George Emmanuel),  |d 1898-1988. 
245 1 0 |a Mycenae, a guide to its ruins and its history /  |c George E. Mylonas. 
250 |a 6th ed. 
264 3 |a Athens :  |b [Printed by K. Michalas],  |c 1977. 
300 |a 80 pages, 5 unnumbered leaves of plates :  |b illustrations, plans ;  |c 21 cm. 
336 |a text  |b txt  |2 rdacontent 
337 |a unmediated  |b n  |2 rdamedia 
338 |a volume  |b nc  |2 rdacarrier 
504 |a Bibliography: page [6]. 
651 0 |a Mycenae (Extinct city)  |v Guidebooks. 
999 |a MARS 
999 f f |s 43c0a63a-e64e-3c13-9043-c51c05c0e267  |i 5e221ccd-988b-359a-8988-2259b9f2755e  |t 0 
952 f f |p ric  |a Texas A&M University  |b Rellis Campus  |c Joint Library Facility  |d Remote Storage  |t 0  |e DF221.M9 M927 1977  |h Library of Congress classification  |i unmediated -- volume  |m A14815359128 
998 f f |a DF221.M9 M927 1977  |t 0  |l Remote Storage